Départements ayant un numéro pair - Mort subite - Statistiques

Statistiques générales
  • Ce quiz a été pris 234 fois
  • Le résultat moyen est 8 sur 13
Answers on the Grid
Answers color-coded by a green-red scale on the quiz's grid according to % correct below.
Cher
Indre
Charente-Maritime
Paris
Rhône
Bouches-du-Rhône
Loire-Atlantique
Nord
Pas-de-Calais
Guyane
Martinique
Ain
Haut-Rhin
Haute-Garonne
Gironde
Cantal
Moselle
Alpes-Maritimes
Territoire-de-Belfort
Manche
Calvados
Pyrénées-Atlantiques
Isère
Drôme
 
Statistiques - réponses
Réponse % Correct
Calvados
75%
Loire-Atlantique
71%
Alpes-Maritimes
70%
Isère
70%
Manche
69%
Pas-de-Calais
67%
Pyrénées-Atlantiques
65%
Drôme
63%
Territoire-de-Belfort
63%
Cher
58%
Indre
57%
Haut-Rhin
56%
Martinique
43%
Aucun quiz correspondant
Distribution des résultats
% des personnes avec chaque résultat
Percentile par nombre de réponses
Votre historique - résultats
Vous n’avez pas pris ce quiz